[Event "Vienna Silvester op-B"]
[Site "Vienna"]
[Date "2022.01.02"]
[Round "7"]
[White "Roehrbacher, Franz"]
[Black "Alvarico, Jan Andrew"]
[Result "1/2-1/2"]
[WhiteElo "1691"]
[BlackElo "1624"]
[PlyCount "79"]
[EventDate "2021.12.27"]
[EventType "swiss"]
[EventRounds "7"]
[EventCountry "AUT"]
[SourceTitle "EXT 2023"]
[Source "ChessBase"]
[SourceDate "2022.10.05"]
[SourceVersion "1"]
[SourceVersionDate "2022.10.05"]
[SourceQuality "1"]

1. e4 c5 2. Nf3 d6 3. c3 e5 4. Bb5+ Bd7 5. Bxd7+ Qxd7 6. 0-0 Nc6 7. a4 a5 8. d3 g6 9. Na3 Bg7 10. Nc4 Qc7 11. Ne3 Nge7 12. h3 0-0 13. Nh2 Rab8 14. Qg4 Rbd8 15. f4 exf4 16. Qxf4 Ne5 17. Rd1 c4 18. d4 Nd3 19. Rxd3 cxd3 20. Qf1 f5 21. exf5 Nxf5 22. Qxd3 d5 23. Nxf5 Rxf5 24. Bd2 Rdf8 25. Ng4 h5 26. Nh6+ Bxh6 27. Bxh6 R8f6 28. Be3 Qg3 29. Qd2 Kh7 30. b4 Qc7 31. bxa5 Qc4 32. Rb1 Rf1+ 33. Rxf1 Rxf1+ 34. Kh2 Qc7+ 35. g3 Rf3 36. Bf4 Qxc3 37. Qe2 Qa3 38. Bd6 Qxd6 39. Qxf3 Qa3 40. Qe2 1/2-1/2

[Event "Vienna Silvester op-B"]
[Site "Vienna"]
[Date "2021.12.28"]
[Round "2"]
[White "Alvarico, Jan Andrew"]
[Black "Korzinowsky, Juergen"]
[Result "1-0"]
[WhiteElo "1624"]
[BlackElo "1092"]
[PlyCount "49"]
[EventDate "2021.12.27"]
[EventType "swiss"]
[EventRounds "7"]
[EventCountry "AUT"]
[SourceTitle "EXT 2023"]
[Source "ChessBase"]
[SourceDate "2022.10.05"]
[SourceVersion "1"]
[SourceVersionDate "2022.10.05"]
[SourceQuality "1"]

1. d4 Nf6 2. Bf4 d5 3. e3 g6 4. Nf3 Bg7 5. Bd3 0-0 6. 0-0 b6 7. Nbd2 Ba6 8. Nb3 Bxd3 9. Qxd3 Nbd7 10. Rac1 c5 11. c4 b5 12. Nxc5 Nxc5 13. dxc5 dxc4 14. Qa3 Qd3 15. Qa6 Nh5 16. Rfd1 Qf5 17. Qxb5 Nxf4 18. exf4 Rab8 19. Qxc4 Rxb2 20. c6 Rxa2 21. Qxa2 Qxf4 22. Qxa7 Bf6 23. c7 Rc8 24. Qb7 Kg7 25. Qxc8 1-0